Biblioteca

Practical theology : (Registro nro. 67492)

Detalles MARC
000 -LÍDER
Campo fijo de descripción fija 01588nam a2200361 i 4500
001 - NÚMERO DE CONTROL
Campo de control 768714001
003 - IDENTIFICADOR DEL NÚMERO DE CONTROL
Campo de control CO-MdFUSB
005 - FECHA Y HORA DE LA ULTIMA TRANSACCIÓN
control field 20220706123839.0
007 - CAMPO FIJO DE DESCRIPCIÓN FIJA--INFORMACIÓN GENERAL
Campo fijo de descripción fija ta
008 - ELEMENTOS DE LONGITUD FIJA -- INFORMACIÓN GENERAL
Campo fijo de descripción fija -- Información general 030624t2003 enka b 001 0 eng d
020 ## - NÚMERO INTERNACIONAL NORMALIZADO PARA LIBROS
Número Internacional Normalizado del libro 1842272004
040 ## - FUENTE DE CATALOGACIÓN
Agencia de catalogación original COO
Agencia que realiza la transcripción CO-MdFUSB
Agencia que realiza la modificación UtOrBLW
Idioma de catalogación spa
Convenciones de la descripción rda
041 ## - CÓDIGO DE IDIOMA
Código de idioma para texto/pista de sonido o título separado eng
082 ## - NÚMERO DE CLASIFICACIÓN DECIMAL DEWEY
Número de la edición del Dewey 23
Número de clasificación 253
Clave de autor-Numero de item C327
100 1# - ASIENTO PRINCIPAL--NOMBRE PERSONAL
Nombre personal Cartledge, Mark J.,
Fechas asociadas con el nombre 1962-
Término relacionador autor
245 10 - TÍTULO
Título del Material Practical theology :
Parte restante del título - Subtitulo charismatic and empirical perspectives
Mención de responsabilidad, etc. / Mark J. Cartledge.
264 #1 - PRODUCCIÓN, PUBLICACIÓN, DISTRIBUCIÓN, MANUFACTURA, Y COPYRIGHT
Lugar de producción, publicación, distribución, manufactura Carlisle, England :
Nombre del productor, publicador, distribuidor Paternoster,
Fecha de producción, publicación, distribución, manufactura, o copyright [2003]
264 #4 - PRODUCCIÓN, PUBLICACIÓN, DISTRIBUCIÓN, MANUFACTURA, Y COPYRIGHT
Fecha de producción, publicación, distribución, manufactura, o copyright © 2003
300 ## - DESCRIPCIÓN FÍSICA
Extensión 271 páginas :
Otros detalles físicos ilustraciones ;
Dimensiones 23 cm.
336 ## - TIPO DE CONTENIDO
Término de tipo de contenido texto
Código de tipo de contenido txt
Fuente rdacontent.
337 ## - TIPO DE MEDIO
Nombre del tipo de medio sin mediación
Código del tipo de medio n
Fuente rdamedia.
338 ## - TIPO DE SOPORTE
Nombre del tipo de soporte volumen
Código Tipo de soporte nc
Fuente rdacarrier.
490 1# - MENCIÓN DE SERIE
Mención de serie Studies in pentecostal and charismatic issues.
504 ## - NOTA DE BIBLIOGRAFÍA, ETC.
Nota de bibliografía, etc Incluye referencias bibliográficas (páginas 251-265) e índice.
505 ## - NOTA DE CONTENIDO
Nota de contenido con formato preestablecido Teología práctica, ciencias sociales y espiritualidad carismática -- Verdad y epistemología: una perspectiva carismática -- Métodos empíricos de investigación -- El culto carismático como realización de la espiritualidad -- Glosolalia y posmodernidad -- Mujeres carismáticas y actividad profética -- Interpretando la experiencia carismática y la Bendición de Toronto -- Fe y curación -- Glosolalia y socialización -- Apéndices.
563 ## - NOTA DE ENCUADERNACIÓN
Nota de encuadernación Rústico
650 #0 - ASIENTO SECUNDARIO DE MATERIA - TERMINO TEMÁTICO
9 (RLIN) 180
Término temático o nombre geográfico como elemento de entrada Teología práctica
650 #7 - ASIENTO SECUNDARIO DE MATERIA - TERMINO TEMÁTICO
9 (RLIN) 227
Término temático o nombre geográfico como elemento de entrada Teología pastoral
830 #0 - PUNTO DE ACCESO ADICIONAL DE SERIE - TÍTULO UNIFORME
Título uniforme Studies in pentecostal and charismatic issues.
942 ## - TIPO DE MATERIAL (KOHA)
Tipo de Item KOHA Libros General
945 ## - INFORMACIÓN LOCAL DEL REGISTRO
Catalogador JTF-925
Existencias
Estado de Material Estado de Perdido Forma de Clasificación Estado de Dañado No para Préstamo Colección Biblioteca de Origen Biblioteca Permanente Fecha de Adquisición Área Total de Préstamos Signatura Topográfica Código de Barras Última vez visto Ejemplar/Existencia Fecha de Remplazo Tipo de Material
    Dewey Decimal Classification     Colección General Biblioteca FUSBC Biblioteca FUSBC 19/03/2022 TEOLOGÍA CRISTIANA   G 253 C327t 21641 15/03/2023 Ej.1 19/03/2022 Libros General

Biblioteca FUSBC | Teléfono: (57+4) 349 88 10 Ext. 141| WhatsApp (+57) 3005338115 
E-mail: biblioteca@unisbc.edu.co | Calle 76 87-14 Robledo Palenque, Medellín, Colombia

Con tecnología Koha